A vuelo de pájaro
Gespeichert in:
| 1. Verfasser: | |
|---|---|
| Format: | Buch |
| Sprache: | Spanisch |
| Veröffentlicht: |
Santiago
LOM
2010
|
| Ausgabe: | 1a. ed |
| Schlagworte: | |
| Tags: |
Tag hinzufügen
Keine Tags, Fügen Sie den ersten Tag hinzu!
|
MARC
| LEADER | 00000cam a2200000 a 4500 | ||
|---|---|---|---|
| 001 | UCF2628 | ||
| 003 | CL-VaPUC | ||
| 008 | 120830e20100000CL |||||||||||||||||spa|d | ||
| 020 | |a 9789560001979 | ||
| 082 | 0 | 4 | |a 861 |b ARA |2 21 |
| 100 | 0 | |a Araya, Bertina |e author |9 564346 | |
| 245 | 1 | 0 | |a A vuelo de pájaro |
| 250 | |a 1a. ed | ||
| 300 | |a pág. irreg | ||
| 942 | |c BK | ||
| 945 | |d 20120830 00:00:00 |a dcastane | ||
| 260 | |a Santiago |b LOM |c 2010 | ||
| 500 | |a Ilustraciones de Claudio Gay | ||
| 650 | 0 | |a Poesías chilenas |9 265280 | |
| 650 | 0 | |a Literatura chilena |9 308278 | |
| 583 | |a last modification |c 20120830 10:25:00 |k Rodrigo Vera | ||
| 999 | |c 349169 |d 349167 | ||
| 952 | |0 0 |1 0 |4 0 |6 861_000000000000000_ARA_2010 |7 0 |8 A |9 451649 |a BIBING |b BIBING |d 2019-11-22 |i 4870972 |o 861 ARA 2010 |p 4870972 |r 2025-01-20 |w 2019-11-22 |y BK |k CUI | ||